| 000 | 00896cam a22002771a 4500 | ||
|---|---|---|---|
| 999 |
_c234092 _d234092 |
||
| 001 | 9394804 | ||
| 003 | Nust | ||
| 005 | 20170313150626.0 | ||
| 008 | 810513s1964 enk 000 0 eng | ||
| 010 | _a 65000750 | ||
| 015 | _aGB64-16654 | ||
| 020 | _a9780330487160 | ||
| 035 | _a(OCoLC)7414774 | ||
| 040 |
_aDLC _cOAkU _dOCoLC _dUk _dDLC |
||
| 042 | _apremarc | ||
| 043 | _aa-ii--- | ||
| 050 | 0 | 0 |
_aDS421 _b.N3 1964 |
| 082 |
_a823.91 _bNAI |
||
| 100 | 1 |
_aNaipaul, V. S. _q(Vidiadhar Surajprasad), _d1932- |
|
| 245 | 1 | 3 |
_aAn area of darkness / _cV.S. Naipaul. |
| 260 |
_aLondon : _bA. Deutsch, _c1964. |
||
| 300 |
_a290 p. ; _c22 cm. |
||
| 600 | 1 | 0 |
_aNaipaul, V. S. _q(Vidiadhar Surajprasad), _d1932- |
| 651 | 0 |
_aIndia _xDescription and travel. |
|
| 651 | 0 |
_aIndia _xSocial life and customs. |
|
| 906 |
_a7 _bcbc _coclcrpl _du _encip _f19 _gy-gencatlg |
||
| 942 |
_2ddc _cBK |
||